Privatisation - a panacea for the Indian banking system (Record no. 23197)

000 -LEADER
fixed length control field 00381pab a2200145 454500
008 - FIXED-LENGTH DATA ELEMENTS--GENERAL INFORMATION
fixed length control field 180718b xxu||||| |||| 00| 0 eng d
100 ## - MAIN ENTRY--PERSONAL NAME
Personal name Roy, Aditi
245 ## - TITLE STATEMENT
Title Privatisation - a panacea for the Indian banking system
650 ## - SUBJECT ADDED ENTRY--TOPICAL TERM
Topical term or geographic name entry element Privatisation
650 ## - SUBJECT ADDED ENTRY--TOPICAL TERM
Topical term or geographic name entry element Banks
650 ## - SUBJECT ADDED ENTRY--TOPICAL TERM
Topical term or geographic name entry element Privatisation - India
700 ## - ADDED ENTRY--PERSONAL NAME
Personal name Prasad, Pulak C.
773 ## - HOST ITEM ENTRY
Main entry heading Banking Finance
909 ## -
-- 23197
Holdings
Withdrawn status Lost status Damaged status Not for loan Permanent Location Current Location Date acquired Serial Enumeration / chronology Barcode Date last seen Price effective from Koha item type
        Indian Institute of Public Administration Indian Institute of Public Administration 2018-07-19 Issue no: 5(9) Sep.92, p.8-14 AR23266 2018-07-19 2018-07-19 Articles

Powered by Koha